000 00423pab a2200169 454500
008 180718b2013 xxu||||| |||| 00| 0 eng d
100 _aGadgil, Ranjit
245 _aReview of twelfth plan proposals for urban transport
260 _c2013
300 _ap.49-55.
362 _a30 Nov
650 _aTransport
650 _aUrban transport
773 _aEconomic and Political Weekly
908 _aN
909 _a103267
999 _c103263
_d103263